000 00298nam a22001337a 4500
008 170616b xxu||||| |||| 00| 0 eng d
020 _a9780759391765
041 _aeng
080 _22 ED
_a328
100 _a20
101 _aSHP
245 _aAMERICAN GOVERNMENT
_cKERBEL.M.R
942 _2udc
_cBK
999 _c17984
_d17984